00431nam a2200145Ia 4500008004100000020001800041041000800059082001900067100003000086245010200116250000600218260004000224300001200264650000900276210716s1999 xx 000 0 und d a9788173711348 aeng a651.74068 WHIJ aWhite, Jon; Mazur, Laura. aStrategic communications management: making public relations work.bMaking public relations work. a1 aHyderabadbUniversities Pressc1999 axvi,277 aNone